01690 a2200205 45000010006000000050017000060080041000230030015000640400040000790800083001192450054002020200022002562500011002782640036002893000027003255050984003520410008013361000031013448560109013753396320260407155629.0260407a2013 arg spa dAR-UNSa-BCEJYS aAR-UNSa-BCEJYSbspacAR-UNSa-BCEJYS a658.15xAdministración financiera privada. Gestión financiera de empresas 10aFinanzas corporativaspun enfoque latinoamericano a978-987-1609-47-5 a3a. ed 1aBuenos Aires :bAlfaomegac2013 axxviii, 757 p.c23 cm. a1. Fundamentos y principios de las finanzas - 2. Panorámica de los estados financieros, los impuestos y el flujo de efectivo - 3. Análisis financiero - 4. Planificación financiera de largo plazo - 5. El valor tiempo del dinero - 6. Valuación de acciones y obligaciones - 7. Riesgo y rentabilidad - 8. Modelos de valuación de activos de capital - 9. Opciones financieras y opciones reales - 10. Técnicas de evaluación de proyectos de inversión - 11. Planificación, análisis del riesgo y opciones reales del proyecto - 12. Costo de capital - 13. Teoría de la estructura de capital - 14. La estructura de capital en la práctica - 15. Creación de valor con las decisiones financieras - 16. El punto de equilibrio económico y financiero en la empresa - 17. Política y administración financiera de corto plazo - 18. Fusiones y adquisiciones - 19. Globalización financiera y finanzas internacionales - 20. Valuación de empresas en mercados emergentes aspa1 aLópez Dumrauf, Guillermo41uhttps://biblioeco.unsa.edu.ar/pmb/images/libros/finanzas_corporativas.jpgyImagen de portadaqimage/jpeg